000 00511nam a2200181Ia 4500
005 20250326141912.0
008 250326s9999 xx 000 0 und d
037 _aTextbook
040 _aFMSL
_beng
_cFMSL
041 _aeng
_2eng
084 _qFMSL
100 _aReed R G
_9745249
245 0 _aOil market in the 1990's challenges for the new era
_cReed R G; Fesharaki F
260 _aSan Francisco
_bSan Francisco, Westview Press
_c1989
300 _a224p
942 _cTB
999 _c1292526
_d1292526